000 01615cam a22004694i 4500
003 PE-LiUPU
005 20250731173535.0
008 150616s r 000 0 d
020 _a0801067650
035 _a(Sirsi) i9780801067655
040 _aPE-LiUPU
_bspa
_cPE-LiUPU
_erda
049 _aPRUA
082 0 4 _a253.7
_bO33
_221
100 1 _aOden, Thomas C.,
_eautor.
245 1 0 _aPastoral Counsel.
264 1 _aGrand Rapids, Michigan :
_bBaker Books,
_c1987.
300 _a297 páginas ;
_c23 centímetros
336 _atext
_2rdacontent
337 _aunmediated
_2rdamedia
338 _avolume
_2rdacarrier
490 0 _aClassical Pastoral Care
505 0 _aNecesary and suficient conditions of a helping relationship- The nature of pastoral counsel: its prevailing metaphor.- God's of caring.- Seasonable wisdom: the timing of good counsel.
526 _aSEG42
526 _aSEG41
526 _aSEG40
526 _aSEG39
526 _aP94
526 _aP87
526 _aP86
526 _aP85
526 _aP77
526 _aP76
526 _aP35
650 0 4 _aCONSEJERIA PASTORAL - NATURALEZA.
910 _ajck
_bjvq
_cjck
942 _2ddc
_cBOOK
949 _a253.7 O33
_wDEWEY
_c1
_i42418
_lCCODEBUL1
_mBUL
_r0
_sY
_tBOOK
_u2015-6-16
_xTEOLOGIA
_zUNKNOWN
_0COMPRA
_o.STAFF. Colección General
994 _aC0
_bPEPRU
596 _a1
999 _a253.7 O33
_wDEWEY
_c60254
_i42418
_f2021-11-10
_g5
_lCCODEBUL1
_mBUL
_r0
_sY
_tBOOK
_u2015-6-16
_xTEOLOGIA
_zUNKNOWN
_0COMPRA
_o.STAFF. Colección General
_d60254
980 _81
_gALBERTO SANCHEZ Responsable de Automatización